000
00229nam a2200097Ia 4500
001
668070
005
20250826160342.0
008
250824s9999 xx 000 0 und d
245
0
_a
On İkinci Bilgi
_c
James Redfield
260
_b
ALTIN
999
_c
668070
_d
668070